New Zealand Cities and Districts - Statistics

General Stats
  • This quiz has been taken 564 times
  • The average score is 33 of 67
Answers on the Map
Answers color-coded by a green-red scale on the quiz's map according to % correct below.
 
Answer Stats
Name Type % Correct
Auckland City (Unitary Authority)
98%
Christchurch City
95%
Wellington City
93%
Dunedin City
83%
Hamilton City
79%
Nelson City (Unitary Authority)
77%
Invercargill City
72%
Taupo District
72%
Gisborne District (Unitary Authority)
70%
Rotorua District
70%
Tauranga City
70%
Napier City
68%
Whangarei District
67%
New Plymouth District
66%
Palmerston North City
66%
Southland District
65%
Lower Hutt City
64%
Upper Hutt City
62%
Waikato District
62%
Grey District
61%
Hastings District
61%
Tasman District (Unitary Authority)
58%
Marlborough District (Unitary Authority)
57%
Whanganui District
56%
Porirua City
53%
Timaru District
53%
Kaikoura District
51%
Chatham Islands Territory
49%
Far North District
49%
Gore District
49%
Masterton District
49%
Ashburton District
47%
Central Otago District
44%
Westland District
43%
Whakatane District
43%
Buller District
42%
Kapiti Coast District
41%
Manawatu District
41%
Carterton District
39%
Kaipara District
39%
Stratford District
39%
Thames-Coromandel District
39%
Clutha District
38%
Queenstown-Lakes District
38%
South Taranaki District
38%
Horowhenua District
37%
Ruapehu District
37%
Selwyn District
37%
Mackenzie District
36%
Wairoa District
36%
Hauraki District
35%
Waimakariri District
35%
Kawerau District
34%
Opotiki District
34%
South Waikato District
34%
Western Bay of Plenty District
34%
South Wairarapa District
33%
Central Hawke's Bay District
32%
Waipa District
32%
Waitomo District
31%
Otorohanga District
30%
Waimate District
30%
Waitaki District
30%
Hurunui District
29%
Rangitikei District
29%
Tararua District
29%
Matamata-Piako District
28%
No matching quizzes found
Score Distribution
Percent of People with Each Score
Percentile by Number Answered
Your Score History
You have not taken this quiz